Catálogo
 En Linea

Propuestas para transformar la sociedad dominicana / (Registro nro. 47985)

Detalles MARC
000 -CABECERA
campo de control de longitud fija 00860nam a2200229 a 4500
001 - NÚMERO DE CONTROL
campo de control 000048497
003 - IDENTIFICADOR DEL NÚMERO DE CONTROL
campo de control DO-SdBNP
005 - FECHA Y HORA DE LA ÚLTIMA TRANSACCIÓN
campo de control 20260527074042.0
008 - DATOS DE LONGITUD FIJA--INFORMACIÓN GENERAL
campo de control de longitud fija 190325s2016 dr a r 000 0 spa d
040 ## - FUENTE DE LA CATALOGACIÓN
Centro catalogador/agencia de origen DO-SdBNP
Lengua de catalogación spa
Centro/agencia transcriptor BNPHU
082 ## - NÚMERO DE LA CLASIFICACIÓN DECIMAL DEWEY
Número de clasificación 324.23
Número de documento/Ítem H557p
100 1# - ENTRADA PRINCIPAL--NOMBRE DE PERSONA
Nombre de persona Hernández Fortuna, Arsenio
9 (RLIN) 37797
245 10 - MENCIÓN DE TÍTULO
Título Propuestas para transformar la sociedad dominicana /
Mención de responsabilidad, etc. Arsenio Hernández Fortuna.
246 ## - FORMA VARIANTE DE TÍTULO
Título propio/Titulo breve El 81% de los votantes del país tiene la convicción de que la RD necesita un cambio social y político (encuesta Gallup-Hoy, 14/03/2016)
260 ## - PUBLICACIÓN, DISTRIBUCIÓN, ETC.
Lugar de publicación, distribución, etc. Santo Domingo :
Nombre del editor, distribuidor, etc. Frente Amplio,
Fecha de publicación, distribución, etc. 2016.
300 ## - DESCRIPCIÓN FÍSICA
Extensión 153 p. :
Otras características físicas il. ;
Dimensiones 22 cm.
590 ## - NOTA LOCAL (RLIN)
Nota local Inventariado, 2019 / DG
650 #0 - PUNTO DE ACCESO ADICIONAL DE MATERIA--TÉRMINO DE MATERIA
Término de materia o nombre geográfico como elemento de entrada Partidos políticos
Subdivisión geográfica República Dominicana
9 (RLIN) 285
651 #0 - PUNTO DE ACCESO ADICIONAL DE MATERIA--NOMBRE GEOGRÁFICO
Nombre geográfico República Dominicana
Subdivisión general Política y gobierno
9 (RLIN) 45
910 ## - DATOS DE OPCIÓN DEL USUARIO (OCLC)
Datos de opción del usuario D/G
942 ## - ELEMENTOS DE PUNTO DE ACCESO ADICIONAL (KOHA)
Fuente del sistema de clasificación o colocación Dewey Decimal Classification
Tipo de ítem Koha Libro
Existencias
Estado de retiro Estado de pérdida No para préstamo Código de colección Localización permanente Ubicación/localización actual Ubicación en estantería Fecha de adquisición Número de inventario Total de préstamos Signatura topográfica completa Código de barras Fecha visto por última vez Precio válido a partir de Tipo de ítem Koha Número de copia Fuente del sistema de clasificación o colocación Restricciones de uso
      Dominicana de Servicio Biblioteca Nacional Pedro Henríquez Ureña Dominicana En catalogación 15.12.2021     BNPHU DS 324.23 H557p 2021-28599 15.12.2021 15.12.2021 Libro y Folleto Colección Dominicana de Servicio e.3 Dewey Decimal Classification Préstamo en sala
    Excluido de préstamo Patrimonio Dominicano Patrimonio Dominicano Patrimonio Dominicano Depósito 25.03.2019 LF1   xxxx H557p 48497-10 25.06.2020 25.06.2020 Libro y Folleto Colección Patrimonio Dominicano      
    Excluido de préstamo Patrimonio Dominicano Patrimonio Dominicano Patrimonio Dominicano Depósito 25.03.2019 LF1   xxxx H557p 48497-20 25.06.2020 25.06.2020 Libro y Folleto Colección Patrimonio Dominicano e. 2    

Con tecnología Koha